[Event "AUTO-OPEN-367"]
[Site "http://www.queenalice.com/game.php?id=99173"]
[Date "2006.8.24"]
[Round "1"]
[White "joaoreis001"]
[Black "BVA"]
[Result "1-0"]
[WhiteElo "1679"]
[BlackElo "1500"]

1. e4 e5 2. Nf3 Nc6 3. Bb5 Nf6 4. O-O d5 5. Nxe5 Bd7 6. exd5 Nxd5 7. Re1 Be7 8.
c4 Nf6 9. f4 O-O 10. Nxd7 Qxd7 11. Nc3 a6 12. Bxc6 bxc6 13. b3 Bc5+ 14. Kf1 Qd4
15. Qf3 Qg1+ 16. Ke2 Rfe8+ 17. Kd3 Qxe1 18. Bb2 Rad8+ 19. Nd5 Qe7 20. Kc2 Nxd5
21. cxd5 cxd5 22. Qg3 d4 23. Qd3 h5 24. Rf1 f5 25. Qxf5 d3+ 26. Kc3 Bd4+ 27.
Kxd3 Bxb2+ 28. Kc2 Qe2 29. Rd1 Rxd2+ 30. Rxd2 Qe1 31. Qd5+ Kh8 32. Qxh5+ Kg8 33.
Qd5+ Kh8 34. Kxb2 1-0

[Event "Helsinki v New York III"]
[Site "http://www.queenalice.com/game.php?id=106921"]
[Date "2006.9.16"]
[Round "-"]
[White "BVA"]
[Black "adlerburg"]
[Result "0-1"]
[WhiteElo "1543"]
[BlackElo "1624"]

1. f4 d5 2. d4 Nf6 3. Nc3 e6 4. Nf3 Bb4 5. e3 Ne4 6. Bd2 h6 7. Nxe4 Bxd2+ 8.
Qxd2 dxe4 9. Ne5 f6 10. Ng6 Rg8 11. O-O-O e5 12. c4 Bg4 13. Qb4 Bxd1 14. Kxd1
exd4 15. Ke2 d3+ 16. Kd2 Nc6 17. Qxb7 Ne7 18. Qxe4 Rb8 19. Nxe7 Rxb2+ 20. Kc3
Rc2+ 21. Kb3 Qxe7 22. Qxd3 Rf2 23. Qg6+ Kf8 24. c5 Qxe3+ 0-1

[Event "New York v Helsinki III"]
[Site "http://www.queenalice.com/game.php?id=106922"]
[Date "2006.9.16"]
[Round "-"]
[White "adlerburg"]
[Black "BVA"]
[Result "1-0"]
[WhiteElo "1610"]
[BlackElo "1557"]

1. e4 e5 2. Nf3 Nc6 3. Bc4 d6 4. d3 Be6 5. Bg5 Be7 6. Bxe6 h6 7. Bxe7 Qxe7 8.
Bd5 O-O-O 9. Bxc6 bxc6 10. c4 Nf6 11. h3 a5 12. Qa4 Kd7 13. Nc3 Ke8 14. Qxc6+
Rd7 15. Nd5 Nxd5 16. cxd5 f6 17. Qa8+ Rd8 18. Qxa5 g5 19. O-O g4 20. hxg4 Rg8
21. Rac1 Rc8 22. Rc6 Qg7 23. Nh2 h5 24. Rfc1 hxg4 25. Rxc7 1-0

[Event "Challenge"]
[Site "http://www.queenalice.com/game.php?id=110578"]
[Date "2006.9.27"]
[Round "-"]
[White "BVA"]
[Black "Marko_Max"]
[Result "0-1"]
[WhiteElo "1512"]
[BlackElo "1500"]

1. Nf3 d5 2. d4 Nf6 3. Nc3 e6 4. Bg5 h6 5. e4 hxg5 6. e5 Nfd7 7. Be2 Bb4 8. O-O
g4 9. Nd2 Qh4 10. f4 Bxc3 11. bxc3 Qxh2+ 12. Kf2 Qh4+ 13. g3 Qh2+ 14. Ke1 Qxg3+
15. Rf2 Rh1+ 16. Nf1 Qxc3+ 0-1

[Event "Challenge"]
[Site "http://www.queenalice.com/game.php?id=110611"]
[Date "2006.9.27"]
[Round "-"]
[White "BVA"]
[Black "ashrioto"]
[Result "0-1"]
[WhiteElo "1500"]
[BlackElo "1539"]

1. e4 e5 2. Nf3 d6 3. c4 Bg4 4. Nc3 Nc6 5. Be2 Bxf3 6. Bxf3 Nd4 7. d3 Be7 8. O-O
h6 9. b4 b6 10. h3 Nf6 11. c5 dxc5 12. bxc5 Bxc5 13. Qa4+ c6 14. Be3 b5 15. Qd1
Qe7 16. Bxd4 Bxd4 17. Rc1 Rc8 18. Nxb5 O-O 0-1

[Event "Let's Play Chess!"]
[Site "http://www.queenalice.com/game.php?id=110614"]
[Date "2006.9.27"]
[Round "-"]
[White "BVA"]
[Black "ashrioto"]
[Result "0-1"]
[WhiteElo "1500"]
[BlackElo "1499"]

1. e4 e5 2. Nf3 Qe7 3. Nc3 d6 4. d4 Bg4 5. d5 Bxf3 6. gxf3 Nf6 7. Bd2 h6 8. Qe2
Nh5 9. O-O-O c6 10. dxc6 Nxc6 11. Kb1 Rd8 12. Bh3 Nd4 13. Qd3 a6 14. a3 Qc7 15.
Be3 Ne6 16. Nd5 Qd7 17. Bxe6 fxe6 0-1

[Event "Let's Play Chess!"]
[Site "http://www.queenalice.com/game.php?id=110615"]
[Date "2006.9.28"]
[Round "-"]
[White "neijrodrigues"]
[Black "BVA"]
[Result "1-0"]
[WhiteElo "1947"]
[BlackElo "1502"]

1. e4 e5 2. Nf3 Nc6 3. Bb5 d6 4. c3 Bd7 5. O-O Nf6 6. Qe2 Be7 7. Rd1 a6 8. Ba4
b5 9. Bc2 O-O 10. d3 d5 11. Nbd2 d4 12. cxd4 exd4 13. Nf1 a5 14. a4 b4 15. Ng3
Bg4 16. h3 Bxf3 17. Qxf3 Ne5 18. Qe2 h6 19. f4 Nc6 20. Bb3 Nd7 21. Bd5 Ra6 22.
Nf5 Na7 23. Qg4 Rg6 24. Qxg6 1-0

[Event "Challenge"]
[Site "http://www.queenalice.com/game.php?id=147859"]
[Date "2006.12.29"]
[Round "-"]
[White "BVA"]
[Black "adlerburg"]
[Result "0-1"]
[WhiteElo "1510"]
[BlackElo "1599"]

1. e4 e6 2. d4 d5 3. e5 c5 4. Nf3 Nc6 5. Bb5 a6 6. Bxc6+ bxc6 7. dxc5 Bxc5 8.
Nc3 h6 9. O-O Ne7 10. Na4 Qa5 11. Nxc5 Qxc5 12. c3 a5 13. Be3 d4 14. Bxd4 Qb5
15. h3 Ba6 16. c4 Qxc4 17. Re1 Rd8 18. b3 Qb4 19. Re4 c5 20. a3 Qb7 21. Nh4 Qxe4
22. Nf3 Be2 23. Qd2 cxd4 24. Qxa5 Bxf3 25. gxf3 Qxf3 26. Rc1 O-O 27. Rc7 Rd5 28.
Qe1 Ng6 29. Rc1 Rxe5 30. Qd2 Rg5+ 31. Kf1 Qxh3+ 32. Ke2 Nf4+ 33. Kd1 Qxb3+ 34.
Ke1 Rg1# 0-1

[Event "Challenge"]
[Site "http://www.queenalice.com/game.php?id=147860"]
[Date "2006.12.29"]
[Round "-"]
[White "adlerburg"]
[Black "BVA"]
[Result "0-1"]
[WhiteElo "1611"]
[BlackElo "1498"]

1. e4 e5 2. Nf3 Nc6 3. Bc4 d6 4. Nc3 Bg4 5. Nxe5 Nxe5 6. f3 Nxc4 7. d3 Be6 8.
dxc4 Bxc4 9. Qd4 Be7 10. Qxc4 Nf6 11. O-O O-O 12. Bh6 gxh6 13. e5 d5 14. Qd4 Bc5
15. Qxc5 Nd7 16. Qxd5 c6 17. Qe4 Kh8 18. Rad1 Qb6+ 19. Rd4 Nc5 20. Qh4 Ne6 21.
Qf6+ Kg8 22. Qxh6 Qxd4+ 23. Kh1 Qxe5 24. Ne4 f5 25. f4 Qxe4 26. Qh4 Qe2 27. Qg3+
Ng7 28. Re1 Qh5 29. Re7 Qg6 30. Qb3+ Kh8 31. Rxb7 Rae8 32. Qb6 axb6 0-1

[Event "Challenge"]
[Site "http://www.queenalice.com/game.php?id=148768"]
[Date "2007.1.1"]
[Round "-"]
[White "technicaldraw"]
[Black "BVA"]
[Result "1-0"]
[WhiteElo "1787"]
[BlackElo "1499"]

1. e4 e5 2. Nf3 Nc6 3. Bb5 Nf6 4. O-O d6 5. d4 Bd7 6. Bxc6 Bxc6 7. d5 Bb5 8. Re1
Be7 9. Nc3 Qd7 10. Nxb5 Qxb5 11. Qe2 Qd7 12. b3 O-O-O 13. a4 Nh5 14. Nxe5 Nf4
15. Bxf4 dxe5 16. Bxe5 f6 17. Bd4 c5 18. Be3 g5 19. Qb5 Qc7 20. Red1 a6 21. Qe2
Bd6 22. g3 h5 23. c3 h4 24. b4 hxg3 25. fxg3 Qh7 26. Qg4+ Kb8 27. Ra2 c4 28. b5
a5 29. Bb6 Bc7 30. Bxc7+ Kxc7 31. Rd4 Rhe8 32. Rxc4+ Kb8 33. Rd4 Qe7 34. Qf3 Rc8
35. d6 g4 36. dxe7 gxf3 37. Rc2 Rxe7 38. Kf2 Rec7 39. c4 b6 40. Kxf3 Rc5 41. Rd6
f5 42. exf5 Rxf5+ 43. Kg2 Rfc5 44. Rxb6+ Kc7 45. Rc6+ 1-0

[Event "AUTO-INT-297"]
[Site "http://www.queenalice.com/game.php?id=148825"]
[Date "2007.1.1"]
[Round "1"]
[White "ray"]
[Black "BVA"]
[Result "1-0"]
[WhiteElo "1757"]
[BlackElo "1456"]

1. e4 e5 2. Nf3 Nc6 3. Bb5 d6 4. O-O a6 5. Ba4 b5 6. Bb3 Be6 7. Bxe6 fxe6 8. Nc3
Nf6 9. Re1 Be7 10. d3 b4 11. Ne2 O-O 12. Ng5 Qd7 13. f4 exf4 14. Nxf4 Nd8 15. e5
dxe5 16. Rxe5 h6 17. Ngxe6 Nxe6 18. Nxe6 Rfb8 19. Qf3 Qd4+ 20. Nxd4 Re8 21. Ne6
1-0

[Event "AUTO-INT-297"]
[Site "http://www.queenalice.com/game.php?id=148826"]
[Date "2007.1.1"]
[Round "1"]
[White "BVA"]
[Black "ray"]
[Result "0-1"]
[WhiteElo "1452"]
[BlackElo "1761"]

1. e4 e5 2. Nf3 Nc6 3. c4 Bc5 4. Nc3 Nf6 5. h3 O-O 6. d3 Nd4 7. Nxd4 Bxd4 8. Be2
d6 9. O-O Qd7 10. a4 h6 11. Kh1 Nh7 12. Be3 Bxc3 13. bxc3 f5 14. exf5 Rxf5 15.
f4 exf4 16. Bg4 h5 17. Bxf5 Qxf5 18. Rxf4 Qe5 19. Qf1 Qxe3 20. Re1 Qg3 21. Re8+
Nf8 22. Rfxf8+ Kh7 0-1

[Event "AUTO-INT-297"]
[Site "http://www.queenalice.com/game.php?id=148837"]
[Date "2007.1.1"]
[Round "1"]
[White "joffly"]
[Black "BVA"]
[Result "1-0"]
[WhiteElo "1511"]
[BlackElo "1470"]

1. e4 e5 2. Nf3 Nc6 3. Bb5 d6 4. Bxc6+ bxc6 5. O-O Nf6 6. Nc3 Be7 7. d3 O-O 8.
d4 exd4 9. Nxd4 Bb7 10. Re1 c5 11. Nf3 c6 12. Bf4 Nh5 13. Bg3 Nxg3 14. fxg3 d5
15. e5 f5 16. e6 Qd6 17. Kh1 d4 18. Na4 Rf6 19. c4 Rxe6 20. Rxe6 Qd7 21. Qe2 Re8
22. Nxc5 Qc7 23. Nxb7 Qxb7 24. Re1 Kf8 25. Nxd4 c5 26. Nxf5 g6 27. Nxe7 Rxe7 28.
Rxe7 Qc6 29. Qf2+ Kg8 30. Qf7+ Kh8 31. Qg7# 1-0

[Event "AUTO-INT-297"]
[Site "http://www.queenalice.com/game.php?id=148843"]
[Date "2007.1.1"]
[Round "1"]
[White "llo_oll"]
[Black "BVA"]
[Result "1-0"]
[WhiteElo "1730"]
[BlackElo "1519"]

1. Nf3 Nc6 2. e4 e5 3. Bb5 Nf6 4. O-O Be7 5. Re1 O-O 6. d4 Nxd4 7. Nxd4 c6 8.
Nf5 cxb5 9. Nxe7+ Qxe7 10. Bg5 d6 11. Nc3 h6 12. Nd5 Qd8 13. Nxf6+ Kh8 14. Qh5
gxf6 15. Qxh6+ Kg8 16. Bxf6 Qxf6 17. Qxf6 Be6 18. Re3 Rfc8 19. Qh6 1-0

[Event "AUTO-INT-297"]
[Site "http://www.queenalice.com/game.php?id=148844"]
[Date "2007.1.1"]
[Round "1"]
[White "BVA"]
[Black "llo_oll"]
[Result "0-1"]
[WhiteElo "1495"]
[BlackElo "1738"]

1. e4 c5 2. c4 Nc6 3. Nf3 Nf6 4. Be2 Nxe4 5. O-O e5 6. Nc3 Nxc3 7. bxc3 e4 8.
Ne1 d5 9. f3 Be7 10. fxe4 dxe4 11. d3 O-O 12. Be3 f5 13. d4 f4 14. Bxf4 cxd4 15.
a3 d3 16. Bg4 Bc5+ 17. Kh1 Ne5 18. Bxc8 Rxc8 19. h3 Qh4 20. Qd2 e3 21. Qb2 e2
0-1

[Event "Challenge"]
[Site "http://www.queenalice.com/game.php?id=152403"]
[Date "2007.1.10"]
[Round "-"]
[White "BVA"]
[Black "lepiaf"]
[Result "0-1"]
[WhiteElo "1479"]
[BlackElo "1551"]

1. e4 e5 2. Nf3 Nc6 3. c4 Bc5 4. Nc3 Nf6 5. Be2 b6 6. O-O d6 7. Na4 Nxe4 8. Nxc5
bxc5 9. d3 Nf6 10. a3 h6 11. b4 cxb4 12. axb4 Nxb4 13. Ba3 c5 14. Bxb4 cxb4 15.
Qa4+ Bd7 16. Qxb4 O-O 17. Qxd6 e4 18. dxe4 Nxe4 19. Qf4 Bc6 20. Rad1 Qf6 21.
Qxf6 Nxf6 22. Nd4 Rac8 23. Nxc6 Rxc6 24. f4 Re8 25. Bf3 Rxc4 26. Bb7 Ng4 27. f5
Ne3 0-1

[Event "NY vs Helsinki V"]
[Site "http://www.queenalice.com/game.php?id=152500"]
[Date "2007.1.10"]
[Round "-"]
[White "adlerburg"]
[Black "BVA"]
[Result "1-0"]
[WhiteElo "1600"]
[BlackElo "1511"]

1. e4 e5 2. Nf3 Nc6 3. Bc4 d6 4. Nc3 Be6 5. Bxe6 fxe6 6. d3 Nf6 7. Bg5 Be7 8.
O-O Qd7 9. h3 O-O-O 10. Be3 Kb8 11. Nb5 a6 12. a4 h6 13. d4 axb5 14. axb5 Na7
15. d5 Qxb5 16. dxe6 Nxe4 17. Bxa7+ Kc8 18. Be3 d5 19. Ra8# 1-0

[Event "Helsinki vs New York V"]
[Site "http://www.queenalice.com/game.php?id=152501"]
[Date "2007.1.10"]
[Round "-"]
[White "BVA"]
[Black "adlerburg"]
[Result "0-1"]
[WhiteElo "1479"]
[BlackElo "1650"]

1. e4 e6 2. d4 d5 3. e5 c5 4. Nf3 Nc6 5. Nc3 cxd4 6. Nxd4 Nxe5 7. Be2 Nf6 8. f3
Bd6 9. O-O a6 10. h3 b5 11. b4 Bxb4 12. Qd2 Qc7 13. Bb2 O-O 14. f4 Ne4 15. Qe3
Nxc3 16. Bxc3 Bxc3 17. Rab1 Nc4 18. Bxc4 Qxc4 19. Rbd1 Re8 20. Ne2 Bb4 21. c3
Bd6 22. Qf3 Qxa2 23. Rf2 Bb7 24. Nd4 Qc4 25. f5 e5 26. Ne2 e4 27. Qg4 Bc5 28.
Nd4 Bc8 29. Rdf1 Bxd4 30. cxd4 g6 31. Qg5 e3 32. Rf3 e2 33. Re1 Qxd4+ 0-1

[Event "Challenge"]
[Site "http://www.queenalice.com/game.php?id=152777"]
[Date "2007.1.11"]
[Round "-"]
[White "juleba"]
[Black "BVA"]
[Result "1-0"]
[WhiteElo "1634"]
[BlackElo "1489"]

1. e4 e5 2. Nf3 Nc6 3. d4 exd4 4. Nxd4 Nxd4 5. Qxd4 d6 6. Bc4 c5 7. Qd1 g6 8.
Qf3 Nf6 9. h3 Bg7 10. Bg5 O-O 11. O-O Be6 12. Nd2 Bxc4 13. Nxc4 Qd7 14. Bxf6
Bxf6 15. Qxf6 Rae8 16. Rad1 d5 17. Rxd5 Qe6 18. Qc3 Qxe4 19. Rxc5 b6 20. Nd2 Qe2
21. Rc7 a5 22. Nf3 Rd8 23. Re1 Qb5 24. Ne5 Rfe8 25. Qf3 Rf8 26. Ng4 Rd7 27. Qc3
Rxc7 28. Nh6# 1-0

[Event "Challenge"]
[Site "http://www.queenalice.com/game.php?id=158270"]
[Date "2007.1.24"]
[Round "-"]
[White "gardez2005"]
[Black "BVA"]
[Result "1-0"]
[WhiteElo "1739"]
[BlackElo "1448"]

1. d4 Nf6 2. c4 g6 3. Nc3 d5 4. cxd5 Nxd5 5. e4 Nxc3 6. bxc3 e6 7. Bc4 Bg7 8.
Ne2 Nc6 9. O-O O-O 10. Be3 Na5 11. Bd3 Bd7 12. Qd2 c6 13. Rab1 b5 14. Rfd1 f5
15. e5 1-0

[Event "Challenge"]
[Site "http://www.queenalice.com/game.php?id=235065"]
[Date "2007.7.5"]
[Round "-"]
[White "adlerburg"]
[Black "BVA"]
[Result "1-0"]
[WhiteElo "1719"]
[BlackElo "1444"]

1. e4 e5 2. Nf3 Nc6 3. Bc4 h6 4. d4 d6 5. d5 Na5 6. Qe2 Nxc4 7. Qxc4 Nf6 8. Nc3
Be7 9. O-O O-O 10. h3 c6 11. Be3 c5 12. b4 b6 13. a4 Nd7 14. a5 bxa5 15. Rxa5
Nb6 16. Qe2 cxb4 17. Na4 Nxa4 18. Rxa4 Rb8 19. Bxa7 Rb7 20. Rb1 Bd7 21. Rbxb4
Bxa4 22. Rxb7 Bg5 23. Qc4 Bd7 24. Qc7 1-0

[Event "Helsinki and NY Back together"]
[Site "http://www.queenalice.com/game.php?id=235066"]
[Date "2007.7.5"]
[Round "-"]
[White "BVA"]
[Black "adlerburg"]
[Result "0-1"]
[WhiteElo "1439"]
[BlackElo "1724"]

1. e4 e6 2. d4 d5 3. e5 c5 4. Nf3 Nc6 5. Nc3 g6 6. g3 cxd4 7. Ne2 Bg7 8. Bg2
Nxe5 9. O-O d3 10. cxd3 b5 11. d4 Nc6 12. Bf4 Nge7 13. Rc1 e5 14. dxe5 O-O 15.
a3 Bg4 16. b4 Bxf3 17. Bxf3 Bxe5 18. Bxe5 Nxe5 19. Bg2 Rc8 20. Rxc8 Qxc8 21. f4
Ng4 22. Qd3 Nf5 23. Qxb5 Nfe3 24. Rc1 Qf5 0-1